| 000 | 02816nam0a2200445 4500 | ||
|---|---|---|---|
| 001 | RU\NLR\bibl\149110 | ||
| 005 | 20260405144158.0 | ||
| 010 |
_a5-10-003560-9 _bВ пер. _95000 |
||
| 021 |
_aRU _b2000-49248 _92270 |
||
| 035 | _a(NLR Aleph) 000146142 | ||
| 090 |
_a837693 _c837693 |
||
| 100 | _a20010205d2000 |||y0rusy50 ca | ||
| 101 | 0 | _arus | |
| 102 | _aRU | ||
| 105 | _aa j ||||| | ||
| 200 | 1 |
_aВскрытие и патоморфологическая диагностика болезней животных _eУчеб. для студентов вузов по спец. "Ветеринария" _fА. В. Жаров, И. В. Иванов, А. П. Стрельников _gПод ред. засл. деятеля науки Рос. Федерации проф. А.В. Жарова |
|
| 210 |
_aМ. _cКолос _d2000 |
||
| 215 |
_a397,[1] с., [4] л. ил. _cил. _d21 |
||
| 225 | 1 | _aУчебники и учебные пособия для студентов высших учебных заведений | |
| 320 | _aПредм. указ.: с. 392-394 | ||
| 606 | 0 |
_aСельскохозяйственные животные _jРуководства, пособия и т.п. _xВскрытие _91316297 _3RU\NLR\auth\66230261 |
|
| 606 | 0 |
_aСельскохозяйственные животные _jУчебные издания для высшей школы _xВскрытие _91316297 _3RU\NLR\auth\66230261 |
|
| 606 | 0 |
_aСельскохозяйственные животные _jРуководства, пособия и т.п. _xБолезни _xПатологоанатомическая диагностика _91165523 _3RU\NLR\auth\66467029 |
|
| 606 | 0 |
_aСельскохозяйственные животные _jУчебные издания для высшей школы _xБолезни _xПатологоанатомическая диагностика _91165523 _3RU\NLR\auth\66467029 |
|
| 610 | 0 | _aСельскохозяйственные животные - Болезни - Диагностика патологоанатомическая | |
| 610 | 0 | _aТрупы с.-х. животных - Патологоанатомическое вскрытие | |
| 675 |
_a619:616-07-091(075.8) _v3 _zrus |
||
| 686 |
_a68.41 _2rugasnti |
||
| 686 |
_a48я73 _2rubbk |
||
| 686 | _aП832с24я73 | ||
| 686 | _aП832я73 | ||
| 700 | 1 |
_4070 _8rus _7ca _aЖаров _bА. В. _cд-р вет. наук _gАлександр Васильевич _3RU\NLR\auth\7759816 _942747 |
|
| 701 | 1 |
_aИванов _gИван Васильевич _4070 |
|
| 701 | 1 |
_aСтрельников _gАлексей Павлович _4070 |
|
| 801 | 0 |
_aRU _bRKP _c20010205 _gPSBO |
|
| 801 | 1 |
_aRU _bRKP _c20010205 |
|
| 801 | 2 |
_aRU _bNLR _c20071221 _grcr |
|
| 942 | _cBOOK | ||
| 980 | _aNB | ||